000 00333nam a2200133Ia 4500
008 240624s9999 xx 000 0 und d
041 _aeng
082 _a658.4092 LEV
100 _aLEVY DAVID A
245 _a52ND FLOOR THINKING DEEPLY ABOUT LEADERS
260 _c2010
_aUSA
_bEnso Books
300 _a229 p.; 22 cm.
365 _c
_b38
999 _c28976
_d28976